00381 2200145 4500001002100000005001500021035002000036245004700056100002400103300000800127260006700135082000800202084001400210990001100224INLIS00000000000337720260330103854 a0010-03260000061 aHOS. TJOKROAMNINOTO /cDrs. Anhar Gonggong0 aDrs. Anhar Gonggong a114 aJakarta :bDepartemen Pendidikan dan Kebudayaan Jakarta,c1986 a958 a958 DRS h a007272